Kreikkalaisen mytologian jumalia - Statistics

Yleistilastot
  • Tätä visaa on pelattu 43 kertaa
  • Keskiarvotulos 7 / 21
Vastaustilastot
Vihje Vastaus % Oikein
ukkonen Zeus
97%
jalometallit Haades
69%
väkivalta Ares
67%
hevoset Poseidon
61%
sulous Afrodite
58%
avioliitto Hera
53%
kuu Artemis
44%
varastaminen Hermes
44%
ennustaminen Apollon
39%
tekniikka Hefaistos
36%
taide Athene
33%
hulluus Dionysos
31%
sateenkaari Iris
19%
kasvu Demeter
17%
kosto Nemesis
17%
villi luonto Pan
17%
kasvillisuus Persefone
14%
aaveet Hekate
11%
tuli Hestia
8%
kuolema Thanatos
8%
onni Tykhe
3%
Ehtoja vastaavia visoja ei löytynyt
Tulosjakauma
Jokaisen tuloksen saaneiden osuus
Persentiili vastausten määrän mukaan
Tuloshistoriasi
Et ole pelannut tätä visaa